000 00393pab a2200157 454500
008 180718b2002 xxu||||| |||| 00| 0 eng d
100 _aGujral, I.K.
245 _aReflections on governance of our republic
260 _c2002
300 _ap.7-9.
362 _a5 Oct
650 _aPublic administration - India
650 _aPublic administration
773 _aMainstream
909 _a53990
999 _c53990
_d53990